000 00728nam a2200241 a 4500
001 52878
003 BD-RjUL
005 20211209075856.0
008 160928s1972 ii a 000 0 eng
035 _a(BD-RjUL)52998
035 _a(OCoLC)1089008
040 _aDLC
_cOClU
_dOCoLC
_dDLC
_dBD-RjUL
_beng
041 _aeng
082 _a621.3818
_bBUG 1972
100 1 _aBurstein, Herman,
_d1918-
_9158102
245 1 0 _aGetting the most out of your tape recorder /
_cHerman Burstein
260 _aBombay :
_aD.B Taraporevala son and co. private ltd,
_c1972
300 _a170 p. :
_bill. ;
_c22 cm.
500 _aIncludes index
650 0 _aMagnetic recorders and recording.
_9158103
942 _2ddc
_cBK
999 _c52878
_d52878